| 000 | 00673nam a2200181 i 4500 | ||
|---|---|---|---|
| 001 | 79279 | ||
| 003 | ES-MaACL | ||
| 005 | 20231204174138.0 | ||
| 007 | t| | ||
| 008 | 041020s1935 sp ||||1| spa d | ||
| 100 | 1 |
_aHenningsen, Charles Frederick. _962565 |
|
| 245 | 1 | 0 |
_aCampaña de doce meses en Navarra y las provincias vascongadas con el general Zumalacárregi / _cpor C.F. Henningsen ; traducida directamente del inglés por Román Oyarzun. |
| 260 |
_aMadrid : _b[s.n.], _c1935 ( _fImp. de Juan Pueyo) |
||
| 300 |
_aXV, 501 p. : _bretr. ; _c20 cm. |
||
| 700 | 1 |
_aOyarzun, Román, _d1882-1968 _988054 |
|
| 852 |
_aES-MaACL _jA-5316 _bR.18470 |
||
| 999 |
_c79279 _d79279 |
||